Pomoc v hmotnej núdzi - zmeny

Zmeny v zákone o pomoci v hmotnej núdzi a ich cieľ. Aké podmienky musia byť splnené pre priznanie osobitného príspevku.

Salvato in:
Dettagli Bibliografici
Autore principale: Kovalčíková, Martina
Natura: Capitolo di libro
Lingua:slovacco
Soggetti:
Tags: Aggiungi Tag
Nessun Tag, puoi essere il primo ad aggiungerne!!

MARC

LEADER 00000naa a2200000 4500
001 0197511
005 20231120134905.8
041 0 |a slo 
044 |a SK 
245 1 0 |a Pomoc v hmotnej núdzi - zmeny  |c Martina Kovalčíková 
520 |a Zmeny v zákone o pomoci v hmotnej núdzi a ich cieľ. Aké podmienky musia byť splnené pre priznanie osobitného príspevku. 
610 2 0 |a dávky v nezamestnanosti 
610 2 0 |a núdza hmotná 
610 2 0 |a úpravy právne 
100 1 |a Kovalčíková, Martina